[Event "Najdorf Memorial B"]
[Site "Warsaw POL"]
[Date "2023.07.11"]
[Round "1.1"]
[White "Pires, Emanuel Joao Robarts"]
[Black "Grzadka, Artur"]
[Result "1-0"]
[WhiteElo "1994"]
[BlackElo "1742"]

1. e4 c6 2. Bc4 d5 3. Bb3 dxe4 4. Qh5 g6 5. Qh4 a5 6. Nc3 Bg7 7. f3 exf3 8.
Nxf3 Nh6 9. O-O O-O 10. d3 Nf5 11. Qf4 h6 12. a3 Nd7 13. Kh1 e5 14. Qd2 Nc5
15. Ba2 Ne6 16. Qf2 Qc7 17. Re1 Bd7 18. Bd2 Ned4 19. Rac1 Be6 20. Bxe6 Nxe6
21. Ne4 Rae8 22. Bc3 Nfd4 23. Ned2 b5 24. Qg3 Nf4 25. Nxd4 exd4 26. Bxa5
Qxa5 27. Qxf4 g5 28. Qf2 Be5 29. Rcd1 Qc7 30. Ne4 f5 31. Nc5 Qe7 32. b4 Qd6
33. Qe2 g4 34. Qf2 g3 35. Qf3 gxh2 36. Qh5 Kh7 37. Re2 Re7 38. Rde1 Qf6 39.
Nd7 Rxd7 40. Rxe5 Qg5 41. Qf3 Rf6 42. Re6 Rd5 43. Rxc6 Rxc6 44. Qxd5 Rg6
45. Rf1 Qg3 46. Rxf5 Qe1+ 47. Kxh2 Qh4+ 48. Kg1 Qe1+ 49. Rf1 Qe3+ 50. Kh1
Rg5 51. Qf7+ Rg7 52. Qf5+ Kh8 53. Qd5 Qg3 54. Rf8+ Kh7 55. Qe4+ Qg6 56.
Qxg6+ Kxg6 57. Rb8 Kf5 58. Rxb5+ Kf4 59. a4 Rc7 60. Rc5 Re7 61. Kh2 1-0

[Event "Najdorf Memorial B"]
[Site "Warsaw POL"]
[Date "2023.07.11"]
[Round "1.2"]
[White "Mazurek, Jerzy"]
[Black "Kitewski, Bartosz"]
[Result "0-1"]
[WhiteElo "1738"]
[BlackElo "1971"]

1. e4 c5 2. Nf3 d6 3. d4 cxd4 4. Nxd4 Nf6 5. Nc3 a6 6. f3 e6 7. Be3 Be7 8.
Qd2 h5 9. Be2 Nc6 10. O-O-O Qc7 11. h3 h4 12. f4 b5 13. Nxc6 Qxc6 14. Bf3
e5 15. Nd5 Be6 16. Kb1 a5 17. Qd3 b4 18. Rc1 Rb8 19. Rhd1 exf4 20. Nxe7
Kxe7 21. Bxf4 Rhd8 22. e5 dxe5 23. Bxc6 Rxd3 24. Rxd3 exf4 25. Re1 Kf8 26.
Rd4 Rc8 27. Ba4 Rc4 28. Rxc4 Bxc4 29. Bb3 Bb5 30. c3 Bc6 31. Re2 Ne4 32.
cxb4 axb4 33. Kc2 Ng3 34. Rf2 g5 35. Kd3 Bb5+ 36. Kd4 Ke7 37. Bd5 Kd6 38.
Bf3 Nf5+ 39. Ke4 Ne3 40. a3 bxa3 41. bxa3 f6 42. Kd4 Ba4 43. Rb2 Bd7 44.
Rb6+ Ke7 45. Kc5 f5 46. Rb2 g4 47. Bc6 Bxc6 48. Kxc6 Nxg2 49. a4 f3 50. a5
g3 51. a6 f2 52. Rb1 Ne1 53. Rb7+ Ke6 54. a7 f1=Q 55. a8=Q Qc4+ 56. Kb6
Qb4+ 57. Ka7 Qa5+ 58. Kb8 Qxa8+ 59. Kxa8 g2 60. Rg7 f4 0-1

[Event "Najdorf Memorial B"]
[Site "Warsaw POL"]
[Date "2023.07.11"]
[Round "1.3"]
[White "Choroszej, Aleksander"]
[Black "Arciszewska, Zuzanna"]
[Result "0-1"]
[WhiteElo "1958"]
[BlackElo "1732"]

1. d4 Nf6 2. c4 e6 3. Nc3 Bb4 4. f3 O-O 5. a3 Bxc3+ 6. bxc3 d6 7. e4 Nbd7
8. Bd3 b6 9. Ne2 Bb7 10. O-O c5 11. Bg5 h6 12. Be3 Rc8 13. Rc1 cxd4 14.
cxd4 e5 15. Kh1 Rc7 16. Ng3 exd4 17. Bxd4 Ne5 18. Be2 Bc8 19. f4 Nc6 20.
Bc3 Re8 21. Bd3 Na5 22. Qf3 Nb3 23. Rcd1 Qe7 24. h3 Nc5 25. e5 dxe5 26.
fxe5 Nh7 27. Bc2 Ng5 28. Qe3 Be6 29. Qf4 Nh7 30. h4 Nf8 31. Nh5 Ng6 32.
Nf6+ gxf6 33. Qxh6 Qf8 34. Qh5 f5 35. g4 Ne4 36. Be1 Rxc4 37. Bd3 Rd4 38.
gxf5 Bd5 39. Kh2 Rxe5 40. Bxe4 Rdxe4 41. Rxd5 Rxd5 42. Qf3 Rf4 43. Qxd5
Rxf1 44. Bb4 Qh6 45. Qd8+ Nf8 46. Bxf8 Qf4+ 0-1

[Event "Najdorf Memorial B"]
[Site "Warsaw POL"]
[Date "2023.07.11"]
[Round "1.4"]
[White "Zareba, Piotr"]
[Black "Ryszkiewicz, Adam"]
[Result "1-0"]
[WhiteElo "1723"]
[BlackElo "1953"]

1. e4 c5 2. Nf3 Nc6 3. d4 cxd4 4. Nxd4 Nf6 5. Nc3 e5 6. Ndb5 d6 7. Bg5 a6
8. Na3 b5 9. Nd5 Be7 10. Bxf6 Bxf6 11. c3 Bg5 12. Nc2 O-O 13. a4 Rb8 14.
Ncb4 Nxb4 15. Nxb4 Bb7 16. axb5 axb5 17. Nd5 b4 18. Bc4 Qc8 19. Qd3 bxc3
20. Nxc3 Qc5 21. O-O Kh8 22. b3 Rbd8 23. Nd5 g6 24. Qg3 f6 25. h4 Bh6 26.
h5 Bg5 27. Qf3 Kg7 28. g3 f5 29. exf5 Rxf5 30. Qe4 Rdf8 31. b4 Bxd5 32.
Bxd5 Qb6 33. Qe2 Qd4 34. Rad1 Qxb4 35. Kg2 Rb8 36. Be4 Rff8 37. hxg6 h6 38.
Qg4 Rbd8 39. Rb1 Qc4 40. Rb7+ Kg8 41. g7 Rf7 42. Bh7+ 1-0

[Event "Najdorf Memorial B"]
[Site "Warsaw POL"]
[Date "2023.07.11"]
[Round "1.5"]
[White "Posuniak, Weronika"]
[Black "Gunnarsson, Helgi Petur"]
[Result "1-0"]
[WhiteElo "1949"]
[BlackElo "1723"]

1. d4 Nf6 2. c4 e6 3. Nf3 d5 4. Nc3 c6 5. cxd5 exd5 6. Bg5 Be7 7. e3 O-O 8.
Qc2 Re8 9. Bd3 h6 10. Bxf6 Bxf6 11. h3 a5 12. O-O Na6 13. a3 Nc7 14. b4
axb4 15. axb4 Na6 16. b5 Nb4 17. Qd2 Rxa1 18. Rxa1 Nxd3 19. Qxd3 g6 20.
bxc6 bxc6 21. Na4 Qa5 22. Ra3 Bf5 23. Qc3 Qxc3 24. Nxc3 Rc8 25. Ra6 Bd3 26.
Rb6 Kg7 27. Na4 Bb5 28. Nc5 Ra8 29. Rb7 Kg8 30. Nd7 Bg7 31. Nde5 Rf8 32.
Rc7 Re8 33. Nxc6 Bxc6 34. Rxc6 Rd8 35. Rc5 Bf8 36. Rb5 Bd6 37. Kf1 Bc7 38.
Ne1 Kf8 39. Nd3 Ke7 40. Nc5 Rb8 41. Rxb8 Bxb8 42. Ke2 Kd6 43. Kd3 Bc7 44.
f3 Bb6 45. Nb3 Ke6 46. e4 dxe4+ 47. fxe4 Kd6 48. Nd2 Bc7 49. Nc4+ Ke6 50.
Ne3 h5 51. e5 f6 52. exf6 Bd8 53. Ke4 Bxf6 54. Nc4 Bh4 55. d5+ Ke7 56. Ne5
Kf6 57. Nd3 g5 58. Kf3 Kf5 59. g4+ hxg4+ 60. hxg4+ Kf6 61. Ke4 Bg3 62. Kd4
Bd6 63. Kc4 Ke7 64. Kb5 Kd7 65. Nc5+ Ke7 66. Kc6 Bf4 67. Ne4 Be3 68. d6+
Kd8 69. Nc5 Bd4 1-0

[Event "Najdorf Memorial B"]
[Site "Warsaw POL"]
[Date "2023.07.11"]
[Round "1.6"]
[White "Stefaniuk, Zbigniew"]
[Black "Terkiewicz, Bruno"]
[Result "1/2-1/2"]
[WhiteElo "1721"]
[BlackElo "1922"]

1. e4 c5 2. Nf3 Nc6 3. d4 cxd4 4. Nxd4 e5 5. Nb5 d6 6. c4 Be6 7. N1c3 a6 8.
Na3 g6 9. Be2 Bg7 10. O-O Rc8 11. Nd5 Nd4 12. Be3 Bxd5 13. cxd5 Nf6 14.
Bxd4 exd4 15. Qa4+ Qd7 16. Qxd7+ Kxd7 17. Nc4 Rc7 18. Nb6+ Kd8 19. Bd3 Re8
20. Rfe1 Ng4 21. Nc4 Kd7 22. Nb6+ Kd8 23. Nc4 Bf8 24. h3 Ne5 25. Nxe5 dxe5
26. Rac1 Bh6 27. Rxc7 Kxc7 28. Re2 Rc8 29. Rc2+ Kd7 30. Rxc8 Kxc8 31. Kf1
1/2-1/2

[Event "Najdorf Memorial B"]
[Site "Warsaw POL"]
[Date "2023.07.11"]
[Round "1.7"]
[White "Kaminski, Maciej"]
[Black "Borkowski, Adam"]
[Result "1-0"]
[WhiteElo "1917"]
[BlackElo "1717"]

1. e4 c5 2. Nf3 Nc6 3. d4 cxd4 4. Nxd4 Nf6 5. Nc3 e5 6. Ndb5 d6 7. Bg5 a6
8. Na3 b5 9. Bxf6 gxf6 10. Nd5 f5 11. Bd3 Be6 12. c3 Bg7 13. Nxb5 O-O 14.
Nbc7 Bxd5 15. Nxd5 fxe4 16. Bxe4 f5 17. Bc2 Kh8 18. Qh5 Qa5 19. Ne3 e4 20.
O-O Rf6 21. Rfd1 Ne5 22. b4 Qb5 23. Nd5 Rh6 24. Qxf5 Nf3+ 25. gxf3 Be5 26.
f4 Rg8+ 27. Kh1 Qe2 28. fxe5 Rh5 29. Re1 Qxc2 30. Qxh5 Qxf2 31. Rg1 1-0

[Event "Najdorf Memorial B"]
[Site "Warsaw POL"]
[Date "2023.07.11"]
[Round "1.8"]
[White "Korszanski, Stanislaw"]
[Black "Kulpa, Zuzanna"]
[Result "0-1"]
[WhiteElo "1716"]
[BlackElo "1911"]

1. e4 c5 2. Nc3 a6 3. f4 Nc6 4. Nf3 g6 5. g3 Bg7 6. Bg2 e6 7. e5 d5 8. exd6
Qxd6 9. Ne4 Qe7 10. O-O Nf6 11. Qe2 O-O 12. c3 Nd5 13. b3 b6 14. Rb1 Bb7
15. c4 Ndb4 16. Bb2 Nc2 17. Bxg7 Kxg7 18. Qd3 N2d4 19. Nxd4 Nxd4 20. b4
Rad8 21. bxc5 bxc5 22. Qa3 Bxe4 23. Bxe4 Qd6 24. Rfd1 Rb8 25. Bb7 Rfd8 26.
Qxa6 Qxa6 27. Bxa6 Ra8 28. Bb7 Rxa2 29. Bg2 Rc2 30. Rbc1 Rxc1 31. Rxc1 Ne2+
0-1

[Event "Najdorf Memorial B"]
[Site "Warsaw POL"]
[Date "2023.07.11"]
[Round "1.9"]
[White "Nesterenko, Kyrylo"]
[Black "Kania, Tomasz"]
[Result "1-0"]
[WhiteElo "1907"]
[BlackElo "1715"]

1. Nf3 d5 2. e3 Nf6 3. c4 c6 4. Nc3 e6 5. d4 Nbd7 6. b3 Bd6 7. Bd3 O-O 8.
O-O e5 9. cxd5 cxd5 10. Nb5 Bb8 11. dxe5 Nxe5 12. Bb2 Nxd3 13. Qxd3 Bg4 14.
Nbd4 Ne4 15. h3 Bh5 16. Qb5 a6 17. Qxb7 Ra7 18. Qc6 Re8 19. Rac1 Bg6 20.
Qa4 Rc7 21. Nc6 Rxc6 22. Qxc6 h6 23. Rfd1 Qe7 24. Ba3 Qe6 25. Rxd5 Kh7 26.
Qxe6 Rxe6 27. Rc8 Ba7 28. Rdd8 1-0

[Event "Najdorf Memorial B"]
[Site "Warsaw POL"]
[Date "2023.07.11"]
[Round "1.10"]
[White "Goral, Jan"]
[Black "Gbiorczyk, Mikolaj"]
[Result "0-1"]
[WhiteElo "1714"]
[BlackElo "1904"]

1. Nf3 f5 2. d4 Nf6 3. c4 g6 4. g3 Bg7 5. Bg2 O-O 6. O-O d6 7. Qc2 c6 8.
Rd1 Qc7 9. b3 a5 10. Bb2 Na6 11. a3 Ne4 12. Nbd2 Nxd2 13. Nxd2 e5 14. dxe5
dxe5 15. Bc3 e4 16. Qb2 Nc5 17. Bxg7 Qxg7 18. Qxg7+ Kxg7 19. b4 Na4 20.
Rdc1 Rd8 21. Nb3 axb4 22. axb4 Be6 23. Na5 Nb6 24. c5 Nd5 25. Nxb7 Rdb8 26.
Rxa8 Rxa8 27. b5 cxb5 28. c6 b4 29. Rb1 Ra6 30. c7 Nxc7 31. Rxb4 Ra1+ 32.
Bf1 f4 33. Kg2 f3+ 34. exf3 exf3+ 35. Kxf3 Rxf1 36. Nc5 Rc1 37. Nxe6+ Nxe6
38. Rb7+ Kf6 39. h4 Rc3+ 40. Kg2 h6 41. Rh7 h5 42. Ra7 Ke5 43. Ra5+ Rc5 44.
Ra6 Kf5 45. Ra4 Nc7 46. Rf4+ Ke5 47. Ra4 Nd5 48. Ra6 Nf6 49. Ra4 Ng4 50.
Ra2 Rc6 51. Rb2 Kd4 52. Rd2+ Kc3 53. Ra2 Kd3 54. Ra3+ Kd2 55. Ra2+ Rc2 56.
Ra1 Kc3 57. Ra3+ Kb4 58. Rf3 Kc4 59. Rf8 Kd3 60. Rd8+ Ke2 61. Re8+ Kd1 62.
Rd8+ Ke1 63. Re8+ Re2 0-1

[Event "Najdorf Memorial B"]
[Site "Warsaw POL"]
[Date "2023.07.11"]
[Round "1.11"]
[White "Haliniak, Wojciech"]
[Black "Mironowicz, Karol"]
[Result "1-0"]
[WhiteElo "1901"]
[BlackElo "1714"]

1. e4 c5 2. Nf3 d6 3. d4 cxd4 4. Nxd4 Nf6 5. f3 e5 6. Nb3 Be6 7. c4 Nbd7 8.
Nc3 Rc8 9. Nd5 Bxd5 10. exd5 Be7 11. Be3 a6 12. Qd2 O-O 13. Na5 Qc7 14. Be2
Nh5 15. O-O f5 16. Rfd1 Nhf6 17. Bf2 h6 18. b4 Qb8 19. Rac1 Bd8 20. Nb3 b6
21. c5 b5 22. cxd6 Rxc1 23. Qxc1 Qxd6 24. Bc5 Nxc5 25. bxc5 Qd7 26. Qa3 Qc8
27. Qb4 Nd7 28. c6 Bb6+ 29. Kh1 Nf6 30. a4 Rd8 31. axb5 axb5 32. Bxb5 e4
33. d6 exf3 34. gxf3 Kh8 35. Nc5 f4 36. d7 Qa8 37. Ne6 Rxd7 38. Rxd7 Nxd7
39. Qe7 Qa1+ 40. Kg2 Qb2+ 41. Kh3 Qc3 42. Bd3 Bc5 43. Nxc5 Qxc5 44. Qxc5
Nxc5 45. c7 Nxd3 46. c8=Q+ 1-0

[Event "Najdorf Memorial B"]
[Site "Warsaw POL"]
[Date "2023.07.11"]
[Round "1.12"]
[White "Kotowicz, Kamil"]
[Black "Kudlak, Julia"]
[Result "1-0"]
[WhiteElo "1704"]
[BlackElo "1899"]

1. d4 Nf6 2. c4 g6 3. Nc3 Bg7 4. e4 d6 5. Be2 O-O 6. Be3 Nbd7 7. h3 c6 8.
Nf3 e5 9. d5 cxd5 10. cxd5 Nc5 11. Qc2 a5 12. Nd2 Ne8 13. O-O-O f5 14. f3
Bd7 15. g4 f4 16. Bf2 Na6 17. Kb1 a4 18. Bxa6 Rxa6 19. h4 h6 20. h5 g5 21.
Rc1 b5 22. a3 b4 23. axb4 Qb8 24. b5 Bxb5 25. Nxb5 Qxb5 26. Qc4 Nc7 27.
Qxc7 a3 28. Rc2 axb2 29. Rxb2 Qd3+ 30. Qc2 Qa3 31. Ra2 Rb8+ 32. Ka1 Rba8
33. Rxa3 Rxa3+ 34. Kb2 Ra2+ 35. Kc1 Rxc2+ 36. Kxc2 Bf6 37. Rb1 Ra2+ 38. Rb2
Ra3 39. Bb6 Kf8 40. Bc7 Ke7 41. Bxd6+ 1-0

[Event "Najdorf Memorial B"]
[Site "Warsaw POL"]
[Date "2023.07.11"]
[Round "1.13"]
[White "Polak, Michal"]
[Black "Gospodarczyk, Wlodzimierz"]
[Result "1-0"]
[WhiteElo "1895"]
[BlackElo "1703"]

1. d4 Nf6 2. Nf3 e6 3. g3 b6 4. Bg2 Bb7 5. c4 c5 6. d5 exd5 7. Nh4 d6 8.
Nc3 Nbd7 9. cxd5 g6 10. O-O a6 11. e4 Qc7 12. f4 O-O-O 13. Nf3 Bg7 14. Re1
Rhe8 15. a4 Ng8 16. Kh1 Kb8 17. Qd3 Nh6 18. h3 f5 19. e5 dxe5 20. fxe5 Nxe5
21. Nxe5 Nf7 22. Nf3 Qxg3 23. Ne2 Rxe2 24. Qxe2 Bxd5 25. Be3 Ne5 26. Bf2
Qxh3+ 27. Bxh3 Bxf3+ 28. Qxf3 Nxf3 29. Re7 Be5 30. Rxe5 1-0

[Event "Najdorf Memorial B"]
[Site "Warsaw POL"]
[Date "2023.07.11"]
[Round "1.14"]
[White "Kaluszynski, Andrzej"]
[Black "Gorniewicz, Oskar"]
[Result "1-0"]
[WhiteElo "1702"]
[BlackElo "1890"]

1. c4 Nf6 2. g3 g6 3. Bg2 Bg7 4. Nf3 d6 5. Nc3 O-O 6. O-O e5 7. d4 exd4 8.
Nxd4 a5 9. e3 Na6 10. b3 Nc5 11. Bb2 Re8 12. h3 Qe7 13. Qc2 c6 14. Rad1 h5
15. Ba3 Bd7 16. Qd2 Nce4 17. Nxe4 Nxe4 18. Qe1 c5 19. Ne2 Bc6 20. Nf4 Bc3
21. Qe2 Be5 22. Bb2 h4 23. g4 a4 24. Nd5 Bxd5 25. Rxd5 Nf6 26. Rd2 axb3 27.
axb3 Ra6 28. Rb1 Rb6 29. Qd3 Nh7 30. Bc1 Ng5 31. f4 Bxf4 32. exf4 Qe1+ 33.
Qf1 Qg3 34. Re2 Nxh3+ 35. Kh1 Rxe2 36. Qxe2 Nf2+ 37. Kg1 h3 38. Qe8+ Kh7
39. Qxf7+ Kh6 40. f5+ 1-0

[Event "Najdorf Memorial B"]
[Site "Warsaw POL"]
[Date "2023.07.11"]
[Round "1.15"]
[White "Grajczak, Adrian"]
[Black "Hury, Tymoteusz"]
[Result "1-0"]
[WhiteElo "1880"]
[BlackElo "1700"]

1. e4 e5 2. Nf3 Nc6 3. Bc4 Nf6 4. d3 Bc5 5. Bg5 d6 6. c3 h6 7. Bh4 a5 8. a4
Bb6 9. Nbd2 g5 10. Bg3 O-O 11. O-O Bg4 12. Re1 Ne7 13. Qc2 Ng6 14. d4 Qe7
15. Qd3 Nh5 16. h3 Bd7 17. Nf1 Rad8 18. Ne3 Ngf4 19. Bxf4 Nxf4 20. Nd5 Nxd5
21. exd5 f6 22. dxe5 fxe5 23. Rxe5 Bxf2+ 24. Kh1 Qf6 25. Re6 Bxe6 26. dxe6
d5 27. Bxd5 Kh8 28. Qe4 Rfe8 29. Ne5 c6 30. Bc4 Bg3 31. Ng4 Qg7 32. Ne3 Qe5
33. Qg6 b5 34. Qxh6+ Kg8 35. Qg6+ Kh8 36. axb5 cxb5 37. Qh6+ Kg8 38. e7+
bxc4 39. exd8=Q Rxd8 40. Nxc4 Qd5 41. Ne3 Qe5 42. Qg6+ Kh8 43. Nf5 Rf8 44.
Qh6+ Kg8 45. Qxg5+ Kh8 46. Qh6+ Kg8 47. Qg6+ Kh8 48. Nxg3 a4 49. Qh5+ 1-0

[Event "Najdorf Memorial B"]
[Site "Warsaw POL"]
[Date "2023.07.11"]
[Round "1.16"]
[White "Flis, Piotr"]
[Black "Poziomkowski, Szymon"]
[Result "1-0"]
[WhiteElo "1698"]
[BlackElo "1880"]

1. c4 Nf6 2. Nf3 e6 3. Nc3 d5 4. e3 Be7 5. b3 O-O 6. Bb2 c5 7. cxd5 Nxd5 8.
Nxd5 Qxd5 9. Bc4 Qc6 10. Qc2 Nd7 11. h4 f5 12. a4 Nb6 13. Ne5 Qxg2 14.
O-O-O Nxc4 15. bxc4 Qxf2 16. Rdg1 Bf6 17. Nd3 Qe2 18. Bxf6 Rxf6 19. Qc3 Rf7
20. Nf4 Qf3 21. Rh3 Qc6 22. Rhg3 Qc7 23. Nh5 g6 24. Nf6+ Kf8 25. h5 Ke7 26.
hxg6 hxg6 27. Rxg6 Bd7 28. Ng8+ Kd6 29. Nh6 Rff8 30. Qd3+ Kc6 31. Nxf5 Qe5
32. Ne7+ Kc7 33. Qa3 Rf7 34. R6g5 Qd6 35. Rxc5+ Bc6 36. Nxc6 bxc6 37. Qb4
a5 38. Qb5 e5 39. d3 Rd7 40. Rg5 Re7 1-0

[Event "Najdorf Memorial B"]
[Site "Warsaw POL"]
[Date "2023.07.11"]
[Round "1.17"]
[White "Suska, Szymon"]
[Black "Szuber, Dawid"]
[Result "1/2-1/2"]
[WhiteElo "1876"]
[BlackElo "1695"]

1. Nf3 Nf6 2. d4 e6 3. c4 d5 4. Nc3 c6 5. Bg5 Be7 6. e3 O-O 7. Qc2 Nbd7 8.
Bd3 dxc4 9. Bxc4 c5 10. O-O cxd4 11. Nxd4 h6 12. Bh4 Nb6 13. Be2 Nfd5 14.
Bxe7 Qxe7 15. Nxd5 Nxd5 16. Bf3 Nb4 17. Qb1 e5 18. Nf5 Bxf5 19. Qxf5 Rad8
20. h4 Nd5 21. h5 Nf6 22. Rfd1 e4 23. Be2 Rxd1+ 24. Rxd1 Rd8 25. g3 Rxd1+
26. Bxd1 Qd7 27. Qxd7 Nxd7 28. g4 Kf8 29. Kg2 g5 30. hxg6 fxg6 31. Kg3 g5
32. f3 exf3 33. Kxf3 Ke7 34. Ke4 Nf6+ 35. Ke5 b6 36. e4 Nd7+ 37. Kf5 Kd6
38. Kg6 Ke5 39. Kxh6 Kf4 40. Kg6 Nc5 41. e5 Kxe5 42. Kxg5 Ne4+ 43. Kg6 Kf4
44. Kh5 a5 45. Bc2 Nf6+ 46. Kg6 Nxg4 47. Ba4 Ke5 48. a3 Kd4 49. Kf5 Ne3+
50. Ke6 Kc5 51. Kd7 Nc4 52. b4+ axb4 53. axb4+ Kxb4 54. Bd1 Kc5 55. Ba4 Kb4
56. Bc6 Ne5+ 57. Kc7 Kc5 58. Be8 Nc4 59. Ba4 Ne3 60. Be8 Nd5+ 61. Kb7
1/2-1/2

[Event "Najdorf Memorial B"]
[Site "Warsaw POL"]
[Date "2023.07.11"]
[Round "1.18"]
[White "Traczyk, Pawel"]
[Black "Szefer, Michal"]
[Result "0-1"]
[WhiteElo "1693"]
[BlackElo "1863"]

1. d4 Nf6 2. c4 c5 3. d5 b5 4. e3 Bb7 5. Nf3 g6 6. b3 Bg7 7. Bb2 O-O 8. Be2
Na6 9. O-O Nc7 10. Qc2 bxc4 11. bxc4 d6 12. Nbd2 Qd7 13. e4 e5 14. Rab1
Rab8 15. h3 Nh5 16. Nh4 Nf4 17. Bg4 Qe7 18. Ndf3 h5 19. Bf5 gxf5 20. Nxf5
Qf6 21. Qa4 Na6 22. Kh2 Bc8 23. N3h4 Rb4 24. Qc2 Ng6 25. a3 Rxb2 26. Rxb2
Nxh4 27. Nxg7 Kxg7 28. Rb3 Ng6 29. Qd1 Qh4 30. Re3 Nc7 31. Qa4 a6 32. Qc6
Qe7 33. Rg3 Qd7 34. Qb6 h4 35. Re3 Ne8 36. g4 hxg3+ 37. Rxg3 Rh8 38. Qb3
Nf6 39. Rfg1 Nh5 40. Rg4 Nf4 41. h4 Qe7 0-1

[Event "Najdorf Memorial B"]
[Site "Warsaw POL"]
[Date "2023.07.11"]
[Round "1.19"]
[White "Kaminski, Jan"]
[Black "Zgorzelski, Marek"]
[Result "1/2-1/2"]
[WhiteElo "1862"]
[BlackElo "1690"]

1. e4 c5 2. Nf3 d6 3. d4 cxd4 4. Nxd4 Nf6 5. Nc3 a6 6. h3 e5 7. Nde2 b5 8.
g4 Bb7 9. Bg2 b4 10. Nd5 Nxd5 11. exd5 Nd7 12. O-O Be7 13. a3 bxa3 14. Rxa3
Nb6 15. c4 Rc8 16. b3 O-O 17. Ng3 Bg5 18. f4 Bxf4 19. Bxf4 exf4 20. Rxf4
Qc7 21. Kh2 Nd7 22. Nf5 Ne5 23. Qd2 Rce8 24. Ra1 Bc8 25. Nd4 Qe7 26. Raf1
Qh4 27. Nf5 Bxf5 28. gxf5 Qh6 29. Qd4 g5 30. fxg6 fxg6 31. Rxf8+ Rxf8 32.
Rxf8+ Qxf8 33. c5 Qf6 34. Kh1 dxc5 35. Qxc5 Nd3 36. Qe3 Qa1+ 37. Kh2 Qe5+
38. Qxe5 Nxe5 39. Kg3 g5 40. Be4 h6 41. Kf2 Kf7 42. Ke3 Ke7 43. Kd4 Kd6 44.
b4 h5 45. Bg2 g4 46. hxg4 Nxg4 47. Bf1 Nf6 48. Bxa6 Nxd5 49. b5 Nc7 50. Ke4
Nxb5 51. Bxb5 h4 52. Kf4 h3 53. Kg3 Kc5 54. Bf1 h2 55. Kxh2 1/2-1/2

[Event "Najdorf Memorial B"]
[Site "Warsaw POL"]
[Date "2023.07.11"]
[Round "1.20"]
[White "Ostrowska, Joanna"]
[Black "Kasperkiewicz, Pawel"]
[Result "1-0"]
[WhiteElo "1688"]
[BlackElo "1850"]

1. d4 e6 2. c4 b6 3. Nc3 Bb7 4. e4 Bb4 5. e5 Ne7 6. Bd2 O-O 7. Qg4 d6 8.
Bg5 dxe5 9. Bf6 g6 10. dxe5 Nbc6 11. Rd1 Qe8 12. Bd3 Nf5 13. Nf3 Rd8 14.
O-O Bxc3 15. bxc3 Nce7 16. Ng5 h6 17. Qh3 Rxd3 18. Rxd3 Qc6 19. Rfd1 Re8
20. Rd8 h5 21. Qf3 Ba8 22. Bxe7 1-0

[Event "Najdorf Memorial B"]
[Site "Warsaw POL"]
[Date "2023.07.11"]
[Round "1.21"]
[White "Lewandrowski, Tomasz"]
[Black "Zapalowska, Wiktoria"]
[Result "0-1"]
[WhiteElo "1849"]
[BlackElo "1685"]

1. d4 Nf6 2. Nf3 e6 3. e3 d5 4. Bd3 Be7 5. Nbd2 c5 6. b3 Nc6 7. Bb2 h6 8.
a3 O-O 9. Qe2 Nd7 10. Ne5 Ndxe5 11. dxe5 a6 12. O-O b5 13. c4 bxc4 14. bxc4
Bb7 15. Rfd1 Qc7 16. Nf3 Rfd8 17. Rac1 Rab8 18. Bb1 dxc4 19. Qc2 g6 20.
Qxc4 Na5 21. Qc2 Bd5 22. Nd2 Qb7 23. Bc3 Nb3 24. Nxb3 Bxb3 25. Rxd8+ Rxd8
26. Qe2 c4 27. Bb2 Qd5 28. Bc2 Qd2 29. Kf1 c3 30. Qxd2 Rxd2 31. Bxb3 cxb2
32. Rb1 Bxa3 33. g4 a5 34. h4 Kf8 35. Ba2 a4 36. Kg2 Bb4 37. Kg3 Bc3 38. f4
Ke7 39. Kf3 Kd7 40. e4 Bd4 41. h5 Rd3+ 42. Ke2 Re3+ 43. Kd2 Rxe4 44. hxg6
fxg6 45. Rf1 Be3+ 46. Kd3 Rxf4 47. Rh1 Bc1 48. Rxh6 Rf3+ 49. Ke4 Ra3 50.
Rh7+ Kc6 51. Bb1 Ra1 0-1

[Event "Najdorf Memorial B"]
[Site "Warsaw POL"]
[Date "2023.07.12"]
[Round "2.1"]
[White "Yasmo, Daniil"]
[Black "Pires, Emanuel Joao Robarts"]
[Result "1-0"]
[WhiteElo "1778"]
[BlackElo "1994"]

1. e4 d6 2. d4 Nf6 3. Nc3 g6 4. Be3 c6 5. Nf3 Bg7 6. Qd2 O-O 7. h4 h5 8.
O-O-O b5 9. Bd3 Nbd7 10. Ng5 Qc7 11. Ne2 Ng4 12. Kb1 c5 13. c3 Rb8 14. f3
Nxe3 15. Qxe3 b4 16. c4 cxd4 17. Qd2 Nc5 18. Nf4 Na4 19. Rdg1 Nc3+ 20. Ka1
Qa5 21. b3 Rb6 22. Qc2 Bd7 23. g4 Ra6 24. Rg2 hxg4 25. Nd5 e6 26. Ne7+ Kh8
27. h5 Qxg5 28. hxg6+ Bh6 29. Rxg4 Kg7 30. Rxg5 Rxa2+ 31. Qxa2 Nxa2 32.
Rxh6 fxg6 33. Rhxg6+ Kf7 34. Rg7+ Ke8 35. Kxa2 Rxf3 36. Rg3 Rf2+ 37. Kb1 a5
38. Ng6 Kd8 39. Rg8+ Kc7 40. Rf8 Rd2 41. Kc1 Ra2 42. Nf4 a4 43. Rg2 Ra1+
44. Kb2 Re1 45. bxa4 Bxa4 46. Nxe6+ Kb6 47. Rb8+ Kc6 48. Nxd4+ Kc5 49. Ne6+
Kc6 50. Rxb4 Bd1 51. Rd2 Bg4 52. Nd4+ Kc5 53. Kc3 Bd7 54. Nb3+ Kc6 55. Ra2
d5 56. exd5+ Kd6 57. Kd4 Rd1 58. c5+ Kc7 59. c6 Bc8 60. Nc5 Bf5 61. Rb7+
Kd6 62. Ne4+ Bxe4 63. Rd7# 1-0

[Event "Najdorf Memorial B"]
[Site "Warsaw POL"]
[Date "2023.07.12"]
[Round "2.2"]
[White "Kitewski, Bartosz"]
[Black "Piotrowski, Daniel"]
[Result "1-0"]
[WhiteElo "1971"]
[BlackElo "1768"]

1. c4 c5 2. Nc3 Nc6 3. g3 g6 4. Bg2 Bg7 5. Nf3 e5 6. O-O Nge7 7. d3 O-O 8.
a3 d6 9. Rb1 a5 10. Ne1 Be6 11. h3 Qd7 12. Kh2 d5 13. cxd5 Nxd5 14. Nc2
Rab8 15. Ne4 b6 16. Ng5 Rfe8 17. Nxe6 Qxe6 18. Ne3 Nf6 19. Nc4 Nd5 20. Bd2
f5 21. e4 Nde7 22. Ne3 Nd4 23. b4 axb4 24. exf5 gxf5 25. axb4 f4 26. Nc4 b5
27. Na5 cxb4 28. Bxb4 Nd5 29. Bd2 b4 30. Qh5 Nc3 31. Rxb4 Rxb4 32. Bxc3 f3
33. Bxb4 fxg2 34. Kxg2 Ra8 35. Nc4 Ra2 36. Bd2 Qc6+ 37. f3 Nb3 38. Rf2 Nxd2
39. Nxd2 Qc3 40. Qe8+ Bf8 41. Qe6+ 1-0

[Event "Najdorf Memorial B"]
[Site "Warsaw POL"]
[Date "2023.07.12"]
[Round "2.3"]
[White "Szyszko, Jan"]
[Black "Posuniak, Weronika"]
[Result "1-0"]
[WhiteElo "1759"]
[BlackElo "1949"]

1. d4 d5 2. Nf3 Nf6 3. c4 c6 4. e3 e6 5. Nbd2 Bd6 6. Bd3 Nbd7 7. O-O O-O 8.
Qc2 h6 9. b3 e5 10. dxe5 Nxe5 11. Nxe5 Bxe5 12. Bb2 Bc7 13. h3 Qd6 14. f4
Bb6 15. Rf3 Re8 16. Be5 Qe7 17. Re1 Bc7 18. Ba1 Bd6 19. e4 Bb4 20. e5 Ne4
21. Rxe4 dxe4 22. Nxe4 Rd8 23. f5 Qh4 24. Kh2 Bd7 25. c5 Be8 26. Qc4 Ba5
27. Nf6+ Qxf6 28. exf6 Bc7+ 29. Kg1 h5 30. fxg7 Rd5 31. Qe4 Bd7 32. f6 Rf5
33. Rxf5 Re8 34. Re5 Bxe5 35. Qh7# 1-0

[Event "Najdorf Memorial B"]
[Site "Warsaw POL"]
[Date "2023.07.12"]
[Round "2.4"]
[White "Arciszewska, Zuzanna"]
[Black "Kaminski, Maciej"]
[Result "1-0"]
[WhiteElo "1732"]
[BlackElo "1917"]

1. d4 Nf6 2. c4 g6 3. Nc3 Bg7 4. e4 d6 5. h3 O-O 6. Be3 e5 7. d5 Na6 8. g4
Nc5 9. f3 c6 10. Nge2 cxd5 11. cxd5 Qb6 12. Qd2 Bd7 13. Nc1 Rfc8 14. Nd3
Qa5 15. Rb1 b5 16. b4 Nxd3+ 17. Bxd3 Qa3 18. Rb3 Qa6 19. a4 Ne8 20. Nxb5
Qb7 21. Nc3 Nc7 22. O-O a6 23. Rfb1 Bf6 24. b5 axb5 25. Nxb5 Nxb5 26. Bxb5
Bxb5 27. Rxb5 Qd7 28. a5 Bd8 29. Bb6 Kg7 30. R5b2 Qa4 31. Qb4 Qd7 32. Qb5
Qe7 33. Qd3 Qd7 34. Kg2 Rcb8 35. Qe2 Rc8 36. Ra2 Rcb8 37. Rab2 Rc8 38. Bxd8
Qxd8 39. a6 Rc5 40. Ra1 Ra5 41. Rxa5 Qxa5 42. Ra2 Qb6 43. Qc4 Ra7 44. h4 h6
45. Qc6 Qb3 46. Qa4 Qxa4 47. Rxa4 Kf6 48. Kf2 Ke7 49. Ke3 Kd7 50. Kd3 Kc7
51. Rc4+ Kd7 52. Rc6 Ra8 53. Kc4 Rb8 54. a7 Ra8 55. Ra6 Kc7 56. Kb5 f6 57.
Rc6+ Kb7 58. Rxd6 Rf8 59. Rd7+ Ka8 60. Kb6 f5 61. d6 fxe4 62. Rb7 exf3 63.
Rb8+ Rxb8+ 64. axb8=Q+ Kxb8 65. d7 e4 66. d8=R# 1-0

[Event "Najdorf Memorial B"]
[Site "Warsaw POL"]
[Date "2023.07.12"]
[Round "2.5"]
[White "Kulpa, Zuzanna"]
[Black "Pietrzak, Wojciech"]
[Result "1/2-1/2"]
[WhiteElo "1911"]
[BlackElo "1764"]

1. d4 Nf6 2. c4 c5 3. d5 b5 4. cxb5 a6 5. e3 g6 6. Nc3 axb5 7. Bxb5 Ba6 8.
a4 Bg7 9. Bd2 O-O 10. e4 d6 11. Nf3 Bxb5 12. axb5 Nbd7 13. O-O Qb6 14. Qe2
Ng4 15. h3 Nge5 16. Nxe5 Bxe5 17. f4 Bd4+ 18. Kh2 Rac8 19. Ra6 Qb8 20. Be3
f5 21. exf5 Rxf5 22. Bxd4 cxd4 23. Qe6+ Rf7 24. Qxd7 dxc3 25. bxc3 Rc7 26.
Qe6 Qxb5 27. Ra8+ Kg7 28. Rf3 Qb7 29. Rh8 Kxh8 30. Qxf7 Qc8 31. f5 Qg8 32.
fxg6 hxg6 33. Qf4 Qg7 34. Re3 Kg8 35. Qa4 Qf6 36. Qe8+ Kg7 37. Rf3 Qe5+ 38.
Kg1 Kh6 39. Qf8+ Qg7 40. Qf4+ Kh7 41. Qe4 Kh8 42. Rg3 Kh7 43. c4 Qa1+ 44.
Kh2 Qf6 45. h4 Kh6 46. Qe3+ Kh7 47. Qd3 Kh6 48. Kh3 e5 49. Qe4 Qf5+ 50. Rg4
Rc8 51. Qe3+ Kh7 52. Qa7+ Kh6 53. Qe3+ Kh7 54. Kg3 Qf7 55. Qb6 Qd7 56. Qb1
Qf5 57. Qb7+ Kh6 58. Qe7 Qd3+ 59. Kh2 Rxc4 60. Qg5+ Kh7 61. Rg3 Qf5 62.
Qe7+ 1/2-1/2